000 00573nam a2200181Ia 4500
008 100920s9999 xx 000 0 und d
082 _b88249
_a51 0
100 _aनिगडुकर गि. धो.
245 _aपरशुराम भाऊ पटवर्धन.
260 _b---
_c0
300 _a141
_bसाधी
365 _b0
520 _aचरित्र.
630 _aपरशुराम भाऊ पटवर्धन.
650 _aचरित्र.
730 _aपरशुराम भाऊ पटवर्धन.
942 _cBOOK
999 _c728754
_d728751